[Event "NCL978 SW Dragons-Invicta Kts"]
[Site "Rd6"]
[Date "1998.01.25"]
[Round "6.2"]
[White "Sadler, Matthew"]
[Black "Cooper, John"]
[Result "1-0"]
[WhiteElo "2650"]
[BlackElo "2335"]
[PlyCount "57"]
[EventDate "1998.01.25"]
[Source "4NCL"]
[SourceDate "1998.01.01"]

1. d4 Nf6 2. c4 e6 3. Nc3 Bb4 4. e3 O-O 5. Bd3 d5 6. Nf3 c5 7. O-O cxd4 8. exd4
dxc4 9. Bxc4 b6 10. Bg5 Bb7 11. Ne5 Bxc3 12. bxc3 Qc7 13. Rc1 Nbd7 14. Nxd7
Nxd7 15. Bb3 e5 16. Qg4 Kh8 17. Qh4 f6 18. Bc2 e4 19. Bd2 f5 20. Bf4 Qc6 21. c4
Rae8 22. Bb3 e3 23. f3 Nf6 24. Rfe1 e2 25. Qf2 Ng4 26. fxg4 fxg4 27. d5 Qf6 28.
Be3 Qe5 29. Qxe2 1-0

[Event "NCL978 SW Dragons-Invicta Kts"]
[Site "Rd6"]
[Date "1998.01.25"]
[Round "6.3"]
[White "Dineley, Richard"]
[Black "Nunn, John"]
[Result "0-1"]
[WhiteElo "2270"]
[BlackElo "2610"]
[PlyCount "72"]
[EventDate "1998.01.25"]
[Source "4NCL"]
[SourceDate "1998.01.01"]

1. e4 c5 2. Nf3 e6 3. d4 cxd4 4. Nxd4 Nf6 5. Nc3 Nc6 6. Ndb5 d6 7. Bf4 e5 8.
Bg5 a6 9. Na3 b5 10. Bxf6 gxf6 11. Nd5 f5 12. c3 Bg7 13. exf5 Bxf5 14. Nc2 O-O
15. Nce3 Be6 16. g3 f5 17. Bg2 Rb8 18. Qh5 b4 19. O-O bxc3 20. bxc3 Ne7 21.
Nxe7+ Qxe7 22. Rab1 Qd7 23. Rfd1 Rxb1 24. Rxb1 d5 25. c4 d4 26. Rb7 Qe8 27.
Qxe8 Rxe8 28. Nd5 e4 29. Nc7 Re7 30. Rb8+ Kf7 31. Nxe6 Rxe6 32. Bh3 Kg6 33. Rd8
e3 34. Kf1 e2+ 35. Ke1 Bh6 {#Diagram} 36. Rd5 Bd2+ 0-1

[Event "NCL978 SW Dragons-Invicta Kts"]
[Site "Rd6"]
[Date "1998.01.25"]
[Round "6.4"]
[White "Flear, Glenn"]
[Black "Morris, Charles"]
[Result "1-0"]
[WhiteElo "2445"]
[BlackElo "2245"]
[PlyCount "67"]
[EventDate "1998.01.25"]
[Source "4NCL"]
[SourceDate "1998.01.01"]

1. d4 d5 2. c4 c6 3. Nc3 Nf6 4. e3 a6 5. a4 Bf5 6. Qb3 Ra7 7. a5 e6 8. Nf3 Bd6
9. h3 h6 10. Bd2 Nbd7 11. Be2 g5 12. Na2 Ne4 13. Bb4 c5 14. dxc5 Ndxc5 15. Qd1
dxc4 16. Bxc4 O-O 17. Nd4 Bg6 18. O-O Qf6 19. Nc3 Rd8 20. Nxe4 Bxe4 {
(Draw offer)} 21. Qg4 Qg6 22. Rfd1 h5 23. Qe2 {#Diagram} g4 24. hxg4 hxg4 25.
Nxe6 Bf3 26. Nxd8 Bxe2 27. Bxf7+ Qxf7 28. Nxf7 Bf8 29. Nh6+ Kh7 30. Bxc5 Bxc5
31. Rd2 g3 32. Rxe2 gxf2+ 33. Kxf2 Kxh6 34. Rc2 1-0

[Event "NCL978 SW Dragons-Invicta Kts"]
[Site "Rd6"]
[Date "1998.01.25"]
[Round "6.5"]
[White "Dyce, Andrew"]
[Black "McDonald, Neil"]
[Result "0-1"]
[WhiteElo "2230"]
[BlackElo "2485"]
[PlyCount "62"]
[EventDate "1998.01.25"]
[Source "4NCL"]
[SourceDate "1998.01.01"]

1. e4 e6 2. d3 d5 3. Nd2 Nf6 4. Ngf3 Nc6 5. c3 a5 6. Be2 e5 7. O-O Be7 8. Re1
O-O 9. Qc2 Re8 10. b3 Bg4 11. h3 Bh5 12. a3 Bc5 13. Bb2 Bb6 14. Bf1 Qd6 15. b4
axb4 16. axb4 Rxa1 17. Bxa1 h6 18. b5 Qc5 19. d4 Nxd4 20. Nxd4 exd4 21. Nb3 Qd6
22. c4 Qb4 23. Rb1 d3 24. Bxd3 dxc4 25. Bxc4 Nxe4 26. Qb2 Bxf2+ 27. Kh1 Qf8 28.
Nd4 Ng3+ 29. Kh2 Qd6 30. Nf3 Nf1+ 31. Kh1 Qh2+ 0-1

[Event "NCL978 SW Dragons-Invicta Kts"]
[Site "Rd6"]
[Date "1998.01.25"]
[Round "6.6"]
[White "Berend, Fred"]
[Black "James, David J"]
[Result "1-0"]
[WhiteElo "2350"]
[BlackElo "2255"]
[PlyCount "97"]
[EventDate "1998.01.25"]
[Source "4NCL"]
[SourceDate "1998.01.01"]

1. g3 e5 2. c4 Nc6 3. Bg2 g6 4. Nc3 Bg7 5. d3 f5 6. e3 Nf6 7. Nge2 O-O 8. O-O
d6 9. Rb1 a5 10. a3 Be6 11. Nd5 Qd7 12. b4 axb4 13. axb4 Rab8 14. b5 Ne7 15.
Qb3 g5 16. f4 gxf4 17. Nxf6+ Bxf6 18. exf4 Ng6 19. Be3 b6 20. d4 exf4 21. Nxf4
Nxf4 22. Rxf4 Qf7 23. d5 Bd7 24. Rbf1 Rbe8 25. Bd4 Bxd4+ 26. Rxd4 Qe7 27. Rf3
Qe1+ 28. Bf1 Re7 29. Kg2 Rfe8 30. Rd1 Qe5 31. Bd3 Qg7 32. Qc2 Re3 33. Rf4 Rf8
34. Rdf1 Qe5 35. R1f2 Kg7 36. g4 Bxb5 37. gxf5 Kf6 38. cxb5 Rg8+ 39. Kh1 Re1+
40. Rf1 Qxd5+ 41. Be4 Rxf1+ 42. Rxf1 Qxb5 43. Bg2 Qe5 44. Qc4 Rg5 45. Qh4 h5
46. Re1 Qc3 47. Re6+ Kf7 48. h3 Qd2 49. Qe4 1-0

[Event "NCL978 SW Dragons-Invicta Kts"]
[Site "Rd6"]
[Date "1998.01.25"]
[Round "6.7"]
[White "Spice, Alan"]
[Black "Sakhatova Berend, Elvira"]
[Result "0-1"]
[WhiteElo "2190"]
[BlackElo "2345"]
[PlyCount "120"]
[EventDate "1998.01.25"]
[Source "4NCL"]
[SourceDate "1998.01.01"]

1. Nc3 d5 2. e4 d4 3. Nce2 c5 4. Ng3 e5 5. Bb5+ Nd7 6. Nf3 Qc7 7. c3 a6 8.
Bxd7+ Bxd7 9. cxd4 cxd4 10. d3 Ne7 11. Bd2 Nc6 12. Rc1 a5 13. O-O Be7 14. Ne1
O-O 15. f4 exf4 16. Bxf4 Bd6 17. Bxd6 Qxd6 18. Nf5 Bxf5 19. Rxf5 g6 20. Rb5 Qf4
21. g3 Qe3+ 22. Kh1 Nb4 23. a3 Rac8 24. Rbc5 Rxc5 25. Rxc5 Nc6 26. Ng2 Qf2 27.
Rc2 Qf6 28. Nf4 Qd6 29. Rf2 Ne5 30. h3 Kg7 31. Qb3 Qd7 32. Kg2 Rc8 33. Qb6 Nc6
34. Nd5 f5 35. b4 axb4 36. axb4 fxe4 37. dxe4 Kh6 {#Diagram} 38. Rf4 Ra8 39.
Qc5 Ra2+ 40. Kg1 Ra1+ 41. Kf2 Ra2+ 42. Ke1 Qd8 43. Nc7 Ra1+ 44. Kd2 Ra2+ 45.
Kc1 Qg8 46. Qd5 Qxd5 47. exd5 Nxb4 48. Rxd4 Rc2+ 49. Kb1 Rxc7 50. Rxb4 Kg5 51.
Rf4 Rd7 52. h4+ Kh6 53. Rd4 Kg7 54. Kc2 Kf6 55. Kc3 Ke5 56. Rb4 Kxd5 57. h5
gxh5 58. Rh4 Rg7 59. Rxh5+ Ke4 60. g4 Kf4 0-1

[Event "NCL978 Guildford-Wood Green"]
[Site "Rd6"]
[Date "1998.01.25"]
[Round "6.1"]
[White "Kinsman, Andrew"]
[Black "Emms, John"]
[Result "1/2-1/2"]
[WhiteElo "2430"]
[BlackElo "2560"]
[PlyCount "104"]
[EventDate "1998.01.25"]
[Source "4NCL"]
[SourceDate "1998.01.01"]

1. Nf3 c5 2. e4 Nc6 3. Bb5 g6 4. O-O Bg7 5. Re1 Nf6 6. e5 Nd5 7. Nc3 Nc7 8.
Bxc6 dxc6 9. Ne4 Ne6 10. d3 b6 11. Be3 Nd4 12. Bxd4 cxd4 13. Nf6+ Kf8 14. Ne4
h6 15. b4 Kg8 16. Qc1 Bg4 17. Ned2 Kh7 18. Re4 Bxf3 19. Nxf3 c5 20. e6 f6 21.
Qd2 Qd5 22. bxc5 bxc5 23. Qa5 f5 24. Ree1 Rhb8 25. Rab1 Rxb1 26. Rxb1 Qxe6 27.
Qxc5 Rc8 28. Qxa7 Rxc2 29. Nxd4 Rb2 30. Rf1 Rxa2 31. Nxe6 Rxa7 32. Nxg7 Kxg7
33. f4 Ra2 34. Rf2 Ra1+ 35. Rf1 Ra2 36. Rf2 Ra1+ 37. Rf1 Rxf1+ 38. Kxf1 Kf6 39.
Ke2 Ke6 40. h4 Kd5 41. Ke3 Kc5 42. Ke2 Kb4 43. Kf2 Kb3 44. Kf3 Kb2 45. Kf2 Kb1
46. Kf1 Ka2 47. Ke2 Kb3 48. Kf3 Kc2 49. Ke2 h5 50. g3 Kb3 51. Kf3 Kb4 52. Kf2
Kb3 1/2-1/2

[Event "NCL978 Guildford-Wood Green"]
[Site "Rd6"]
[Date "1998.01.25"]
[Round "6.2"]
[White "Ward, Chris"]
[Black "Povah, Nigel"]
[Result "1/2-1/2"]
[WhiteElo "2480"]
[BlackElo "2335"]
[PlyCount "118"]
[EventDate "1998.01.25"]
[Source "4NCL"]
[SourceDate "1998.01.01"]

1. d4 Nf6 2. c4 e6 3. Nc3 Bb4 4. g3 c5 5. Nf3 cxd4 6. Nxd4 O-O 7. Bg2 d5 8.
cxd5 Nxd5 9. Qb3 Nc6 10. Nxc6 bxc6 11. O-O Rb8 12. Ne4 Bd6 13. Qa4 Be5 14. Qxa7
Qb6 15. Qxb6 Rxb6 16. Nc5 Bxb2 17. Rb1 Bd4 18. Rxb6 Nxb6 19. Nb3 Be5 20. f4 Bf6
21. Bxc6 Ba6 22. Kf2 Rc8 23. Be4 Rc4 24. Bb1 Nd5 25. Bd2 Nc3 26. Bxc3 Rxc3 27.
Rd1 g6 28. Bd3 Bb7 29. e4 Bc6 30. Rc1 Rxc1 31. Nxc1 Kf8 32. Ke3 Bb2 33. Nb3 Ke7
34. Nd4 Ba4 35. Nf3 h6 36. Bc4 Kd6 37. Bb3 Bc6 38. Nd4 Bb7 39. a4 Kc5 40. Nf3
Kb4 41. Bc2 Bc6 42. Nd4 Bd7 {(Draw offer)} 43. e5 Kc5 44. Nb3+ Kb4 45. Nd4 Bc3
46. Be4 Bxd4+ 47. Kxd4 Bxa4 48. g4 Bd1 49. f5 Bxg4 50. fxg6 fxg6 51. Bxg6 Kb5
52. Be8+ Kb6 53. Ke4 Kc5 54. Kf4 Bf5 55. Ba4 Kd4 56. Bb3 Bh3 57. Ba2 Bf5 58.
Bb3 Bh3 59. Ba2 Bf5 1/2-1/2

[Event "NCL978 Guildford-Wood Green"]
[Site "Rd6"]
[Date "1998.01.25"]
[Round "6.3"]
[White "Webb, Richard"]
[Black "Arakhamia, Ketevan"]
[Result "1-0"]
[WhiteElo "2315"]
[BlackElo "2440"]
[PlyCount "57"]
[EventDate "1998.01.25"]
[Source "4NCL"]
[SourceDate "1998.01.01"]

1. e4 c5 2. Nc3 Nc6 3. Nge2 e6 4. g3 d5 5. exd5 exd5 6. Bg2 d4 7. Nd5 Bd6 8.
O-O Nge7 9. Nef4 O-O 10. d3 Nxd5 11. Nxd5 Bf5 12. Bf4 Re8 13. Re1 Qd7 14. Bxd6
Qxd6 15. Qf3 Bd7 16. Nf4 Nb4 17. Rxe8+ Rxe8 18. Qxb7 Nxc2 19. Rc1 Nb4 20. h4
Nc6 21. Qb5 Re5 22. Qc4 h6 23. Nd5 Qe6 24. Qxc5 Re1+ 25. Rxe1 Qxe1+ 26. Kh2 Ne5
27. f3 {#Diagram} Qf2 28. Ne7+ Kh8 29. Qxe5 1-0

[Event "NCL978 Guildford-Wood Green"]
[Site "Rd6"]
[Date "1998.01.25"]
[Round "6.4"]
[White "Levitt, Jon"]
[Black "Kennaugh, Charles"]
[Result "1-0"]
[WhiteElo "2425"]
[BlackElo "2295"]
[PlyCount "79"]
[EventDate "1998.01.25"]
[Source "4NCL"]
[SourceDate "1998.01.01"]

1. d4 Nf6 2. c4 c5 3. d5 b5 4. cxb5 a6 5. b6 e6 6. Nc3 Nxd5 7. Nxd5 exd5 8.
Qxd5 Nc6 9. Nf3 Bb7 10. e4 Be7 11. Bc4 O-O 12. Qf5 g6 13. Qf4 Na5 14. Be2 Qxb6
15. O-O Qf6 16. Qd2 Bd8 17. e5 Qf5 18. Rd1 Bc6 19. b3 Nb7 20. Bb2 Ba5 21. Qh6
Qh5 22. Qxh5 gxh5 23. Nh4 Rfe8 24. Bxh5 Bc7 25. f4 a5 26. Nf5 Re6 27. Rd3 Kf8
28. Rg3 Be4 29. Bg4 Rea6 30. Re1 Bc2 31. Ne3 Be4 32. Bxd7 Rd8 33. Bb5 Rb6 34.
a4 Bd3 35. Nc4 Rg6 36. Rge3 Rg4 37. g3 h5 38. Bc6 Bxc4 39. bxc4 Rd2 40. Bc3 1-0

[Event "NCL978 Guildford-Wood Green"]
[Site "Rd6"]
[Date "1998.01.25"]
[Round "6.5"]
[White "Anderton, Matthew"]
[Black "Littlewood, Paul"]
[Result "1-0"]
[WhiteElo "2260"]
[BlackElo "2435"]
[PlyCount "93"]
[EventDate "1998.01.25"]
[Source "4NCL"]
[SourceDate "1998.01.01"]

1. e4 e5 2. Nf3 Nc6 3. Bb5 a6 4. Ba4 Nf6 5. O-O Be7 6. Re1 b5 7. Bb3 O-O 8. a4
Bb7 9. d3 d6 10. Nc3 Na5 11. Ba2 b4 12. Ne2 c5 13. c3 bxc3 14. bxc3 c4 15. Ng3
cxd3 16. Qxd3 Nd7 17. Ba3 Bc6 18. Nf5 Nb7 19. Nd2 Ndc5 20. Qg3 g6 21. a5 Bg5
22. Ne3 Nxe4 23. Nxe4 Bxe4 24. Nd5 Bf5 25. Nb6 Rb8 26. Rad1 Bf4 27. Qf3 Qg5 28.
Nd5 Bc2 29. Ra1 Nc5 30. Bxc5 dxc5 31. g3 Bd2 32. Re2 e4 33. Qf6 {#Diagram} Rb7
34. Qxg5 Bxg5 35. Rxc2 Rfb8 36. Nb6 Bd8 37. Bd5 Re7 38. Rb1 Kg7 39. Rcb2 e3 40.
Re2 Re5 41. c4 exf2+ 42. Kxf2 Rf5+ 43. Kg2 Bf6 44. Rf1 Rxf1 45. Kxf1 Rd8 46.
Rf2 h5 47. h4 1-0

[Event "NCL978 Guildford-Wood Green"]
[Site "Rd6"]
[Date "1998.01.25"]
[Round "6.6"]
[White "Sowray, Peter"]
[Black "Thompson, Ian"]
[Result "1-0"]
[WhiteElo "2350"]
[BlackElo "2275"]
[PlyCount "115"]
[EventDate "1998.01.25"]
[Source "4NCL"]
[SourceDate "1998.01.01"]

1. d4 e6 2. c4 b6 3. a3 Bb7 4. Nc3 Nf6 5. Bg5 Be7 6. Nf3 d5 7. cxd5 exd5 8.
Qa4+ c6 9. e3 O-O 10. Be2 Nbd7 11. O-O h6 12. Bf4 Re8 13. Rfd1 b5 14. Qc2 Nf8
15. Ne5 N6d7 16. Rac1 Nxe5 17. Bxe5 Qb6 18. Bd3 a6 19. Qe2 Nd7 20. Bxg7 Kxg7
21. Qg4+ Kf8 22. Qh3 Red8 23. Qxh6+ Ke8 24. Bf5 Nf8 25. e4 Rd6 26. Qg7 Rf6 27.
Qg4 Ne6 28. e5 Rh6 29. Qg8+ Bf8 30. Ne2 Qd8 31. Bxe6 fxe6 32. Nf4 Qe7 33. Rd3
Qg7 34. Qxg7 Bxg7 35. g4 Kd7 36. Nh5 Rg6 37. Rg3 Rf8 38. f4 Bh8 39. g5 a5 40.
Kg2 Rf7 41. Rh3 Bg7 42. Kg3 b4 43. a4 Bf8 44. Nf6+ Kc7 45. Kg4 Ba6 46. Re3 {
#Diagram} b3 47. Kh5 Rgxf6 48. exf6 Rh7+ 49. Kg6 Rxh2 50. Rxb3 Be2 51. Kf7 Bd6
52. g6 Bh5 53. Rg1 Bxf4 54. Kg8 Bd6 55. f7 Rf2 56. Rh3 Rxb2 57. Rxh5 Rb8+ 58.
Kh7 1-0

[Event "NCL978 Guildford-Wood Green"]
[Site "Rd6"]
[Date "1998.01.25"]
[Round "6.8"]
[White "Poulton, James"]
[Black "Ashby, Ann-Marie"]
[Result "1-0"]
[WhiteElo "2365"]
[BlackElo "2115"]
[PlyCount "95"]
[EventDate "1998.01.25"]
[Source "4NCL"]
[SourceDate "1998.01.01"]

1. d4 e6 2. Nf3 Nf6 3. c4 b6 4. g3 Ba6 5. b3 Bb4+ 6. Bd2 Bxd2+ 7. Qxd2 d5 8.
Bg2 O-O 9. O-O Nbd7 10. Rc1 Rc8 11. a4 c5 12. Na3 Ne4 13. Qb2 Ndf6 14. Nb5 Qe7
15. cxd5 exd5 16. Ne5 Bb7 17. Nxa7 Ra8 18. Nb5 Rfc8 19. Nd3 Ba6 20. Bh3 Re8 21.
Rc2 Ng5 22. Bg2 Ne6 23. e3 Rec8 24. Bf1 Nd7 25. Rd1 Nf6 26. dxc5 bxc5 27. Qe5
Rc6 28. Nf4 Rd8 29. Nxd5 Nxd5 30. Rxd5 Rxd5 31. Qxd5 Rc8 32. Qd6 Qxd6 33. Nxd6
Rc6 34. Bxa6 Rxa6 35. Nb5 Kf8 36. Kf1 Ke7 37. Ke2 Kd7 38. h4 Ra8 39. Rd2+ Ke7
40. Kd3 Rd8+ 41. Kc3 Rc8 42. Nd6 Rb8 43. Nc4 Nc7 44. h5 f5 45. Rd6 Ne6 46. Rd5
Kf6 47. Ne5 Rc8 48. f4 1-0

[Event "NCL978 Bristol-Slough"]
[Site "Rd6"]
[Date "1998.01.25"]
[Round "6.1"]
[White "Ansell, Simon"]
[Black "Kosten, Anthony"]
[Result "0-1"]
[WhiteElo "2380"]
[BlackElo "2535"]
[PlyCount "106"]
[EventDate "1998.01.25"]
[Source "4NCL"]
[SourceDate "1998.01.01"]

1. e4 c5 2. Nf3 Nc6 3. Bb5 d6 4. O-O Bd7 5. Re1 a6 6. Bf1 Bg4 7. h3 Bxf3 8.
Qxf3 g6 9. d3 Bg7 10. c3 Nf6 11. Bg5 O-O 12. Nd2 b5 13. a3 a5 14. Qe3 b4 15.
Bh6 bxc3 16. bxc3 Rb8 17. Bxg7 Kxg7 18. Rab1 Qc7 19. Nc4 Rxb1 20. Rxb1 Rb8 21.
Rxb8 Qxb8 22. e5 Nd7 23. e6 Nf6 24. exf7 Kxf7 25. g4 Qc7 26. Bg2 Nd8 27. Qf3
Ne6 28. Qa8 Nf4 29. g5 N6h5 {#Diagram} 30. Nxa5 Nxg2 31. Kxg2 Nf4+ 32. Kh1 Qd7
33. Qf3 Qxh3+ 34. Qxh3 Nxh3 35. Kg2 Nxg5 36. a4 Ke6 37. Nc4 Kd7 38. Nb6+ Kc6
39. Nc8 Kd7 40. Nb6+ Kc6 41. Nc8 e6 42. a5 Kc7 43. Na7 Nf7 44. Nb5+ Kb7 45. a6+
Kxa6 46. Nc7+ Ka5 47. Nxe6 Ka4 48. Kf3 Kb3 49. c4 Kc3 50. Ke4 h5 51. Nf4 Ne5
52. Kd5 h4 53. Kxd6 Nxd3 0-1

[Event "NCL978 Bristol-Slough"]
[Site "Rd6"]
[Date "1998.01.25"]
[Round "6.2"]
[White "Miles, Anthony"]
[Black "Buckley, Graeme"]
[Result "1-0"]
[WhiteElo "2595"]
[BlackElo "2315"]
[PlyCount "93"]
[EventDate "1998.01.25"]
[Source "4NCL"]
[SourceDate "1998.01.01"]

1. d4 Nf6 2. Nf3 g6 3. c4 Bg7 4. Nc3 O-O 5. e4 d6 6. Be2 e5 7. O-O Nbd7 8. Qc2
c6 9. Rd1 Qe7 10. Bg5 h6 11. Bh4 a5 12. Rac1 Re8 13. d5 Nc5 14. Nd2 Qc7 15. Nb3
Nfd7 16. Bg4 Nxb3 17. axb3 Nc5 18. Bxc8 Raxc8 19. Ra1 Rf8 20. Ra3 f5 21. exf5
gxf5 22. Qd2 Rf7 23. dxc6 bxc6 24. Qxd6 Qxd6 25. Rxd6 Rb7 26. Rxa5 Nxb3 27. Ra2
e4 28. Rd1 Bd4 29. Ne2 c5 30. Nc3 Kf7 31. Nb5 Rxb5 32. cxb5 Rb8 33. Kf1 Rxb5
34. f3 Rb4 35. Be1 Rb6 36. Bc3 Ke6 37. fxe4 fxe4 38. Ke2 Kd5 39. Ra4 Rf6 40.
Rf1 Rxf1 41. Kxf1 e3 42. Ra6 Ke4 43. Rxh6 Kd3 44. Ke1 Kc2 45. Rd6 Bxc3+ 46.
bxc3 Kxc3 47. h4 1-0

[Event "NCL978 Bristol-Slough"]
[Site "Rd6"]
[Date "1998.01.25"]
[Round "6.3"]
[White "Baker, Chris W"]
[Black "Conquest, Stuart"]
[Result "1/2-1/2"]
[WhiteElo "2340"]
[BlackElo "2470"]
[PlyCount "82"]
[EventDate "1998.01.25"]
[Source "4NCL"]
[SourceDate "1998.01.01"]

1. e4 c5 2. Nc3 e6 3. Nf3 a6 4. d4 cxd4 5. Nxd4 Qc7 6. g3 Nf6 7. Bg2 d6 8. O-O
Be7 9. Bg5 Nc6 10. h3 Bd7 11. Qd2 O-O 12. Rad1 Rfd8 13. Nde2 Be8 14. f4 b5 15.
f5 b4 16. Nb1 d5 17. Bxf6 Bxf6 18. fxe6 fxe6 19. exd5 exd5 20. Bxd5+ Kh8 21. c4
Rab8 22. Qf4 Qe7 23. Rde1 Bg6 24. Kh2 Ne5 25. Nd4 Nd3 26. Rxe7 Nxf4 27. gxf4
Bxe7 28. Nc6 Bd6 29. Nxb8 Rxb8 30. Nd2 Re8 31. Kg3 Bd3 32. Rf3 Be2 33. Ne4 Bxf3
34. Nxd6 Bxd5 35. Nxe8 Bxc4 36. a3 bxa3 37. bxa3 Kg8 38. Nd6 Bd5 39. f5 Kf8 40.
Kf4 Ke7 41. Ke5 Bg2 1/2-1/2

[Event "NCL978 Bristol-Slough"]
[Site "Rd6"]
[Date "1998.01.25"]
[Round "6.4"]
[White "Summerscale, Aaron"]
[Black "Beaumont, Chris"]
[Result "1/2-1/2"]
[WhiteElo "2440"]
[BlackElo "2335"]
[PlyCount "102"]
[EventDate "1998.01.25"]
[Source "4NCL"]
[SourceDate "1998.01.01"]

1. Nf3 g6 2. c4 Bg7 3. Nc3 c5 4. e3 Nf6 5. d4 O-O 6. Be2 cxd4 7. exd4 d5 8. h3
Nc6 9. O-O dxc4 10. Bxc4 Na5 11. Be2 Be6 12. Ne5 Rc8 13. Bf3 Nd5 14. Ne4 Nc4
15. Ng5 Bf5 16. Qb3 Nxe5 17. dxe5 e6 18. Re1 Rxc1 19. Raxc1 Qxg5 20. g4 Nf4 21.
h4 Qxh4 22. gxf5 Qg5+ 23. Kf1 Qxf5 24. Be4 Qxe5 25. Bxg6 Qxb2 26. Be4 Qxb3 27.
axb3 Bd4 28. Red1 e5 29. Bxb7 Kg7 30. Rc8 Rxc8 31. Bxc8 h5 32. Rd2 Kg6 33. Kg1
Kg5 34. Kh2 Ng6 35. Kg3 h4+ 36. Kg2 f5 37. Rc2 Nf4+ 38. Kf1 Nd3 39. f4+ Kxf4
40. Rc7 Kf3 41. Bxf5 Nf4 42. Rh7 Nd5 43. Bc8 Ne3+ 44. Kg1 e4 45. Bb7 Nc4+ 46.
Kh1 Nd2 47. Rxh4 Ke3 48. Rh2 Nf3 49. Ra2 Bb6 50. Kg2 Nd4 51. Ra1 Kd3 1/2-1/2

[Event "NCL978 Bristol-Slough"]
[Site "Rd6"]
[Date "1998.01.25"]
[Round "6.5"]
[White "Mah, Karl"]
[Black "Houska, Miroslav"]
[Result "1-0"]
[WhiteElo "2340"]
[BlackElo "2385"]
[PlyCount "79"]
[EventDate "1998.01.25"]
[Source "4NCL"]
[SourceDate "1998.01.01"]

1. d4 d6 2. e4 Nf6 3. Bd3 e5 4. c3 Be7 5. h3 O-O 6. Nf3 Nbd7 7. O-O c6 8. a4
Re8 9. Nbd2 Bf8 10. Re1 Qc7 11. a5 g6 12. Bc2 Bg7 13. Nc4 exd4 14. cxd4 d5 15.
exd5 Rxe1+ 16. Qxe1 cxd5 17. Ne3 Nf8 18. Bb3 Be6 19. Bd2 Rc8 20. Rc1 Qd8 21.
Bb4 Rxc1 22. Qxc1 N8d7 23. Ne5 Bh6 24. Nxd7 Nxd7 25. Qc3 Bxe3 26. Qxe3 Nb8 27.
Bd2 Nc6 28. Qc3 a6 29. Ba4 Bd7 30. Qc5 Bf5 31. Bxc6 bxc6 32. Qxc6 Bd3 33. Bh6
Bb5 34. Qb7 Qd7 35. Qa8+ Qe8 36. Qxd5 Qe6 37. Qd8+ Be8 38. d5 Qe1+ 39. Kh2 Qe5+
40. f4 1-0

[Event "NCL978 Bristol-Slough"]
[Site "Rd6"]
[Date "1998.01.25"]
[Round "6.6"]
[White "Lalic, Susan"]
[Black "Copeland, Graham"]
[Result "1-0"]
[WhiteElo "2370"]
[BlackElo "2330"]
[PlyCount "95"]
[EventDate "1998.01.25"]
[Source "4NCL"]
[SourceDate "1998.01.01"]

1. e4 c6 2. d4 d5 3. Nd2 dxe4 4. Nxe4 Nd7 5. Bc4 Ngf6 6. Nxf6+ Nxf6 7. c3 g6 8.
Nf3 Bg7 9. Ne5 Nd5 10. O-O O-O 11. Qb3 b5 12. Bxd5 Qxd5 13. Qxd5 cxd5 14. Nc6
Re8 15. a4 bxa4 16. Nb4 Bb7 17. Rxa4 a5 18. Nd3 Ba6 19. Rd1 Bb5 20. Ra1 Bxd3
21. Rxd3 a4 22. Bf4 Rec8 23. Kf1 Bf8 24. Ke2 e6 25. Ra2 Be7 26. Kd2 Kf8 27. Kc2
Ke8 28. Rd1 a3 29. b3 Rc6 30. Kd3 Rb6 31. b4 Kd7 32. Kc2 Kc6 33. Kb3 Kb5 34. g4
Rba6 35. Rd3 Rh8 36. g5 Bd8 37. Bc1 {#Diagram} h5 38. gxh6 g5 39. Rh3 g4 40.
Rh5 f5 41. Rxa3 Rxa3+ 42. Bxa3 Rh7 43. Bc1 Bf6 44. h3 gxh3 45. Rxh3 Bh8 46. Bf4
Kc6 47. Rh1 Re7 48. h7 1-0

[Event "NCL978 Bristol-Slough"]
[Site "Rd6"]
[Date "1998.01.25"]
[Round "6.7"]
[White "Cobb, Charles"]
[Black "Smith, Andrew P"]
[Result "1/2-1/2"]
[WhiteElo "2300"]
[BlackElo "2280"]
[PlyCount "117"]
[EventDate "1998.01.25"]
[Source "4NCL"]
[SourceDate "1998.01.01"]

1. d4 Nf6 2. Nf3 c5 3. e3 g6 4. c4 Bg7 5. Be2 O-O 6. O-O d6 7. Nc3 Nc6 8. d5
Na5 9. Bd2 e5 10. e4 Ne8 11. a3 b6 12. b4 Nb7 13. Ne1 f5 14. Nd3 f4 15. bxc5
dxc5 16. f3 Nbd6 17. Nf2 h5 18. a4 g5 19. a5 Rb8 20. axb6 axb6 21. Ra7 Rf6 22.
g4 hxg4 23. fxg4 Rh6 24. Kg2 Qf6 25. h3 f3+ 26. Bxf3 Nxc4 27. Bc1 b5 28. Be2
Ncd6 29. Nh1 Qg6 30. Ng3 b4 31. Na4 Qh7 32. Nxc5 Rxh3 33. Rh1 Rxh1 34. Qxh1
Qxh1+ 35. Kxh1 b3 36. Bb2 Nb5 37. Ra5 Nd4 38. Bd1 Nc2 39. Nf5 Bxf5 40. gxf5 Nd6
41. Be2 Ne3 42. Ra4 Rc8 43. Nxb3 Rc2 44. Ba3 Ndxf5 45. exf5 Rxe2 46. Bc1 Nxf5
47. Bxg5 Rb2 48. Nc5 Nd4 49. Ra3 Rb5 50. Rc3 Bf8 51. Nd7 Bd6 52. Rh3 Kg7 53.
Nf6 Kg6 54. Ne4 Rxd5 55. Rh6+ Kf5 56. Rxd6 Kxe4 57. Rxd5 Kxd5 58. Kg2 Ke4 59.
Bf6 1/2-1/2

[Event "NCL978 Barbican-BCM"]
[Site "Rd6"]
[Date "1998.01.25"]
[Round "6.1"]
[White "Lehtivaara, Petri"]
[Black "Chandler, Murray"]
[Result "0-1"]
[WhiteElo "2370"]
[BlackElo "2555"]
[PlyCount "64"]
[EventDate "1998.01.25"]
[Source "4NCL"]
[SourceDate "1998.01.01"]

1. d4 d5 2. c4 e6 3. Nc3 c5 4. cxd5 exd5 5. Nf3 Nc6 6. g3 Nf6 7. Bg2 Be7 8. O-O
O-O 9. dxc5 Bxc5 10. Bg5 d4 11. Na4 Be7 12. Rc1 Qa5 13. a3 Bg4 14. Bxf6 Bxf6
15. Nc5 Qb5 16. Nd3 Rfe8 17. Re1 Rad8 18. b4 Qb6 19. Nd2 Ne5 20. Ne4 Re7 21.
Qd2 Kf8 22. h3 Bf5 23. Nf4 Bxe4 24. Bxe4 Bg5 25. Bg2 Qf6 26. Red1 b5 27. Rc5
Nc4 28. Qd3 Bxf4 {#Diagram} 29. Qxh7 Qh6 30. Qf5 Be5 31. f4 Ne3 32. Qd3 Nxd1
0-1

[Event "NCL978 Barbican-BCM"]
[Site "Rd6"]
[Date "1998.01.25"]
[Round "6.3"]
[White "Knott, Simon"]
[Black "Wall, Tim"]
[Result "1/2-1/2"]
[WhiteElo "2350"]
[BlackElo "2375"]
[PlyCount "67"]
[EventDate "1998.01.25"]
[Source "4NCL"]
[SourceDate "1998.01.01"]

1. c4 f5 2. d4 Nf6 3. g3 g6 4. Bg2 Bg7 5. Nc3 O-O 6. Nh3 Nc6 7. O-O d6 8. d5
Ne5 9. b3 c5 10. Bb2 a6 11. Nf4 Rb8 12. a4 g5 13. Ne6 Bxe6 14. dxe6 Qe8 15. e3
Kh8 16. Ra2 Qg6 17. Nd5 Nxd5 18. Bxd5 f4 19. Bxe5 Bxe5 20. Kg2 b6 21. Qe2 Rf6
22. f3 a5 23. exf4 gxf4 24. g4 Qg5 25. Kh1 Rh6 26. Qe4 Rf8 27. Rg2 Rg6 28. Qe1
Rh6 29. Qe4 Rg6 30. Qe1 Bf6 31. Be4 Rh6 32. Bf5 Be5 33. Qe4 Rb8 34. Qc6 1/2-1/2

[Event "NCL978 Barbican-BCM"]
[Site "Rd6"]
[Date "1998.01.25"]
[Round "6.5"]
[White "Bowden, Karl"]
[Black "Friedgood, David"]
[Result "1/2-1/2"]
[WhiteElo "2355"]
[BlackElo "2240"]
[PlyCount "93"]
[EventDate "1998.01.25"]
[Source "4NCL"]
[SourceDate "1998.01.01"]

1. e4 c5 2. c3 e6 3. d4 d5 4. exd5 exd5 5. Nf3 Nc6 6. Bb5 Bd6 7. O-O Nge7 8.
dxc5 Bxc5 9. Nbd2 O-O 10. Nb3 Bd6 11. Bg5 Bg4 12. Be2 Re8 13. Re1 h6 14. Bh4
Qd7 15. Bg3 Bxg3 {(Draw offer)} 16. hxg3 Nf5 17. Qd2 Re7 18. Bd3 Bxf3 19. Rxe7
Ncxe7 20. gxf3 Rd8 21. Rd1 Qd6 22. Qe3 Qf6 23. Kg2 Rd6 24. f4 b6 25. Bc2 Re6
26. Qf3 g6 27. Nd4 Nxd4 28. Rxd4 Re1 29. Rd1 Rxd1 30. Qxd1 g5 31. fxg5 hxg5 32.
Qg4 Kf8 33. Qd7 a5 34. Bd1 Qe6 35. Bg4 Qe4+ 36. Bf3 Qe6 37. Qa4 f5 38. Qd4 Kf7
39. Kh2 Kg6 40. Bg2 Kh7 41. Bf1 Kg6 42. Bd3 Qf6 43. Qe3 Kf7 44. Kg2 f4 45. Qf3
Ke6 46. Qg4+ Kd6 47. Bb5 1/2-1/2

[Event "NCL978 Barbican-BCM"]
[Site "Rd6"]
[Date "1998.01.25"]
[Round "6.6"]
[White "Bellin, Jana"]
[Black "Duncan, Chris"]
[Result "1/2-1/2"]
[WhiteElo "2175"]
[BlackElo "2290"]
[PlyCount "20"]
[EventDate "1998.01.25"]
[Source "4NCL"]
[SourceDate "1998.01.01"]

1. d4 d5 2. c4 dxc4 3. Nf3 Nf6 4. Qa4+ Nc6 5. e3 Nd5 6. Ne5 Nf6 7. Nxc6 Qd7 8.
Qb5 a6 9. Qc5 e6 10. Ne5 Bxc5 1/2-1/2